000 00523 a2200157 4500
999 _c9155
_d9155
020 _a9780029059609
050 _aKF3821 CHR 1982
100 _aChristopher, Tom
_eauthor
245 _aHealth and the law :
_ba handbook for health professionals /
_cby Tom Christopher
264 _aNew York :
_bThe free Press,
_c1982.
300 _a450p. :
500 _aIncludes index
650 _aMedical records
_xlegislation and jurisprudence
650 _aConfidentiality
_xLegislation and jurisprudence
942 _2lcc
_cBK
_h3821
_iCHR
_kKF